00638nam a2200193Ia 4500008004100000020002600041040001900067041001200086082003100098100002700129245006100156260005800217300002700275504005000302630002700352650002600379651001500405850002400420131103s9999 xx 000 0 und d a8184045654cRs.450.00 aLoreto College aEnglish a005.13(J)/MCFbLCLIB/47533 aMcFarland,David Sawyer aJavaScriptb The missing manual cDavid Sawyer McFarland aNavi MumbaibShroff Publishers and Distributorsc2008 axiii,529pb illc 22cm aIncludes bibliographical references and index aWeb designing language aProgramming languages aJavaScript aLCLIB/005.13(J)/MCF